| 000 | 00635nmm a2200169Ia 4500 | ||
|---|---|---|---|
| 008 | 251105s9999||||xx |||||||||||||||||und|| | ||
| 020 | _a9789587386837 | ||
| 041 | _aspa | ||
| 100 | _aLópez Martínez, Miguel Andrés | ||
| 245 | 0 | _aResponsabilidad del Estado frente al desplazamiento forzado : una exploración conceptual para consolidar el vínculo entre jueces y académicos | |
| 264 |
_a[Bogotá, Colombia] : _bUniversidad del Rosario, _c2015 |
||
| 300 | _a206 páginas | ||
| 490 | _aTextos de Jurisprudencia | ||
| 650 | _aPolitical Science (General) | ||
| 856 | _uhttps://public.digitaliapublishing.com/a/46552 | ||
| 942 | _cCF | ||
| 999 |
_c95845 _d95845 |
||